000 00433nam a2200169Ia 4500
005 20250423101441.0
008 250422s9999 xx 000 0 und d
020 _a1-932099-87-5
050 _aBP 60 .G8513/
100 _aGulen, M. Fethullah
245 4 _aThe statue of our souls : revival in Islamic thought and activism
260 _aNew Jersey
260 _bTughra Books
260 _c2005
300 _a172 p
942 _cBK
999 _c36333
_d36333